|
|
|
|
| LEADER |
00000nab a2200000 a 4500 |
| 001 |
vtls000930081 |
| 003 |
SK-MaSNL |
| 005 |
20260305044002.0 |
| 008 |
040720e20030530xo 0 slo |
| 035 |
|
|
|a KE38958
|
| 040 |
|
|
|a KEVKJB
|b slo
|c KEVKJB
|e AACR2
|
| 041 |
0 |
|
|a slo
|
| 044 |
|
|
|a xo
|c SK
|
| 080 |
|
|
|a 797.54
|2 1981
|
| 100 |
1 |
|
|a Sambor, Miroslav
|4 aut
|9 872736
|
| 245 |
1 |
0 |
|a Spôsobili paniku ako po atómovom výbuchu
|
| 300 |
|
|
|b 5 foto
|
| 610 |
2 |
7 |
|a Balón klub (Košice, Slovensko)
|2 KEVKJB
|9 884637
|
| 611 |
1 |
7 |
|a balónová fiesta
|2 KEVKJB
|9 879707
|
| 650 |
0 |
7 |
|a balóny
|2 KEVKJB
|9 31392
|
| 650 |
0 |
7 |
|a vzducholode
|2 KEVKJB
|9 31625
|
| 650 |
0 |
7 |
|a balónové lietanie
|2 KEVKJB
|9 79624
|
| 650 |
0 |
7 |
|a reportáže
|2 KEVKJB
|9 75670
|
| 651 |
|
7 |
|a Košice (Slovensko)
|2 KEVKJB
|9 18694
|
| 651 |
|
7 |
|a KE,
|2 KEVKJB
|9 877256
|
| 655 |
|
7 |
|a periodikum
|2 snkbucl
|9 29553
|
| 710 |
2 |
|
|a Balón klub (Košice, Slovensko)
|4 aut
|9 884637
|
| 773 |
0 |
8 |
|t Košický večer
|g Roč. 14
|g Roč. 35, 30.5.2003, s. 3
|
| 852 |
|
|
|a ZVYKNI
|b KIS3GCP
|
| 999 |
|
|
|c 3355994
|d 3357924
|